| 000 | 00707nam a2200205Ia 4500 | ||
|---|---|---|---|
| 003 | GCL | ||
| 005 | 20240530110926.0 | ||
| 008 | 140319s9999 xx 000 0 ara d | ||
| 040 |
_aGCL / _cGCL |
||
| 082 | 0 | 4 |
_a330.159 _bع س |
| 100 | 0 | _aعبدالمنعم فوزى | |
| 245 | 1 | 2 |
_aالسياسة المالية فى النظام الاشتراكى / _cتاليف عبدالمنعم فوزى ؛ اشراف شكرى محمد عياد |
| 250 | _aط.1 | ||
| 300 |
_a96 ص. ؛ _c20 سم |
||
| 490 | 0 |
_aالمكتبة الثقافية ؛ _v179 |
|
| 650 | 0 | 4 | _aالسياسة المالية |
| 650 | 0 | 4 | _aالنظام الاشتراكى |
| 700 | 0 |
_aشكرى محمد عياد _eمشرف |
|
| 942 |
_2ddc _cBK |
||
| 999 |
_c66568 _d66568 |
||